Missing Word: 'Folsom Prison Blues' Lyrics Quiz Stats

 Plays Quiz Updated Feb 17, 2018

Score 0/20 Timer 05:00
0 Plays Today
Hint Answer % Correct
I hear the _____ a-comin'Train
97.3%
I hang my _____ and cryHead
94.3%
Always be a good boy, don't ever play with _____'Guns
89.5%
When I hear that _____ blowingWhistle
89.1%
I'm stuck in Folsom Prison and time _____ draggin' onKeeps
88.7%
But that train keeps a-rollin' on _____ to San AntoneDown
78.7%
When I was just a baby my _____ told me 'Son,Mama
78.3%
Well if they freed me from this _____Prison
76%
I bet there's rich folks eating in a _____ dining carFancy
75.7%
But I shot a man in _____ just to watch him dieReno
73.8%
Hint Answer % Correct
And I ain't seen the _____ since I don't know whenSunshine
68.4%
It's _____ 'round the bendRolling
59.5%
_____ from Folsom Prison, that's where I want to stayFar
58.8%
Well I know I had it coming, I know I can't be _____Free
58.7%
And that's what _____ meTortures
42.1%
They're probably drinkin' _____ and smoking big cigarsCoffee
41.9%
I bet I'd _____ it on a little farther down the lineMove
38.8%
And I'd let that _____ whistle blow my blues awayLonesome
38.7%
But those _____ keep a-movin'People
35.7%
If that _____ train was mineRailroad
33.9%

Today's Daily Dose

You're not logged in!

Compare scores with friends on all Sporcle quizzes.
OR
Log In

You Might Also Like...

Show Comments

Extras

Top Quizzes Today


Score Distribution

Your Account Isn't Verified!

In order to create a playlist on Sporcle, you need to verify the email address you used during registration. Go to your Sporcle Settings to finish the process.

Report this User

Report this user for behavior that violates our Community Guidelines.

Details: